<?xml version="1.0" encoding="UTF-8"?>
<collection xmlns="http://www.loc.gov/MARC21/slim">
 <record>
  <leader>01578cam a2200349   4500</leader>
  <controlfield tag="001">1484590422</controlfield>
  <controlfield tag="003">DE-627</controlfield>
  <controlfield tag="005">20230511082533.0</controlfield>
  <controlfield tag="007">tu</controlfield>
  <controlfield tag="008">140917s2014    xx |||||      00| ||spa c</controlfield>
  <datafield tag="035" ind1=" " ind2=" ">
   <subfield code="a">(DE-627)1484590422</subfield>
  </datafield>
  <datafield tag="035" ind1=" " ind2=" ">
   <subfield code="a">(DE-576)414590422</subfield>
  </datafield>
  <datafield tag="035" ind1=" " ind2=" ">
   <subfield code="a">(DE-599)BSZ414590422</subfield>
  </datafield>
  <datafield tag="035" ind1=" " ind2=" ">
   <subfield code="a">(OCoLC)891806918</subfield>
  </datafield>
  <datafield tag="040" ind1=" " ind2=" ">
   <subfield code="a">DE-627</subfield>
   <subfield code="b">ger</subfield>
   <subfield code="c">DE-627</subfield>
   <subfield code="e">rakwb</subfield>
  </datafield>
  <datafield tag="041" ind1=" " ind2=" ">
   <subfield code="a">spa</subfield>
  </datafield>
  <datafield tag="082" ind1="0" ind2=" ">
   <subfield code="a">200.9</subfield>
  </datafield>
  <datafield tag="245" ind1="1" ind2="0">
   <subfield code="a">Monográfico: Espacios de espiritualidad femenina en la Europa medieval</subfield>
   <subfield code="b">una mirada interdisciplinar</subfield>
   <subfield code="c">Consejo Superior de Investigaciones Científicas</subfield>
  </datafield>
  <datafield tag="246" ind1="3" ind2="3">
   <subfield code="a">Espacios de espiritualidad femenina en la Europa medieval</subfield>
  </datafield>
  <datafield tag="264" ind1=" " ind2="1">
   <subfield code="a">Barcelona</subfield>
   <subfield code="b">Consejo</subfield>
   <subfield code="c">2014</subfield>
  </datafield>
  <datafield tag="300" ind1=" " ind2=" ">
   <subfield code="a">XVIII, 660 S.</subfield>
  </datafield>
  <datafield tag="336" ind1=" " ind2=" ">
   <subfield code="a">Text</subfield>
   <subfield code="b">txt</subfield>
   <subfield code="2">rdacontent</subfield>
  </datafield>
  <datafield tag="337" ind1=" " ind2=" ">
   <subfield code="a">ohne Hilfsmittel zu benutzen</subfield>
   <subfield code="b">n</subfield>
   <subfield code="2">rdamedia</subfield>
  </datafield>
  <datafield tag="338" ind1=" " ind2=" ">
   <subfield code="a">Band</subfield>
   <subfield code="b">nc</subfield>
   <subfield code="2">rdacarrier</subfield>
  </datafield>
  <datafield tag="490" ind1="1" ind2=" ">
   <subfield code="a">Anuario de estudios medievales</subfield>
   <subfield code="v">Vol. 44, No. 1</subfield>
  </datafield>
  <datafield tag="710" ind1="2" ind2=" ">
   <subfield code="a">Consejo Superior de Investigaciones Científicas</subfield>
   <subfield code="0">(DE-588)36416-2</subfield>
   <subfield code="0">(DE-627)100837220</subfield>
   <subfield code="0">(DE-576)190346221</subfield>
   <subfield code="4">oth</subfield>
  </datafield>
  <datafield tag="787" ind1="0" ind2="8">
   <subfield code="i">Rezensiert in</subfield>
   <subfield code="a">Martínez García, Susanne</subfield>
   <subfield code="t">[Rezension von: Blanca Garí (Hrsg.), Espacios de espiritualidad femenina. Una mirada interdisciplinar]</subfield>
   <subfield code="d">2015</subfield>
   <subfield code="w">(DE-627)1845106547</subfield>
  </datafield>
  <datafield tag="830" ind1=" " ind2="0">
   <subfield code="a">Anuario de estudios medievales</subfield>
   <subfield code="v">44,1</subfield>
   <subfield code="9">44,1</subfield>
   <subfield code="w">(DE-627)129060887</subfield>
   <subfield code="w">(DE-576)014391643</subfield>
   <subfield code="w">(DE-600)387-6</subfield>
   <subfield code="x">0066-5061</subfield>
  </datafield>
  <datafield tag="856" ind1="4" ind2="2">
   <subfield code="u">https://swbplus.bsz-bw.de/bsz414590422inh.htm</subfield>
   <subfield code="m">B:DE-576;DE-21</subfield>
   <subfield code="q">application/pdf</subfield>
   <subfield code="v">20140925110519</subfield>
   <subfield code="x">Verlag</subfield>
   <subfield code="3">Inhaltsverzeichnis</subfield>
  </datafield>
  <datafield tag="951" ind1=" " ind2=" ">
   <subfield code="a">BO</subfield>
  </datafield>
  <datafield tag="991" ind1=" " ind2=" ">
   <subfield code="a">Rezensiertes Werk</subfield>
  </datafield>
  <datafield tag="999" ind1=" " ind2=" ">
   <subfield code="a">KXP-PPN1484590422</subfield>
   <subfield code="e">4323159285</subfield>
  </datafield>
 </record>
</collection>
